000 00255nam a2200109 4500
001 3560
090 _a3560
100 _a20190723b u||y0fre||u0ba y50
200 _aUnion des jeunesses socialistes suisses
_bPériodique
210 _aGenève
801 _aCH
_bCH-002049-8
955 _r1967